[Event "Ch Europe (seniors) (team)"]
[Site "masterchessopen.com Velden (Austria)"]
[Date "2009.04.13"]
[Round "9"]
[White "Seyffer Guenther (GER)"]
[Black "Hennings Margit (AUT)"]
[Result "1-0"]
[WhiteElo "2066"]
[BlackElo "1980"]

1.d4 d5 2.c4 c6 3.Nc3 Nf6 4.Nf3 e6 5.Bg5 dxc4 6.e3 b5 7.a4 Bb4 8.axb5 cxb5
9.Nd2 Bxc3 10.bxc3 Qd5 11.Bxf6 gxf6 12.Be2 Bb7 13.Bf3 Qd7 14.Ne4 Bxe4 15.Bxe4
Nc6 16.Qf3 Rc8 17.Qxf6 Rg8 18.O-O Ne7 19.Qf3 Nd5 20.Bxd5 Qxd5 21.Qxd5 exd5
22.Rxa7 b4 23.cxb4 Rg5 24.Ra5 Rg6 25.Rxd5 Rb6 {#r} 1-0

[Event "It \"]
[Site "masterchessopen.com Serpukhov (Russia)"]
[Date "2009.05.03"]
[Round "5"]
[White "Potapov Alexander (RUS)"]
[Black "Romanko-Guseva Marina (RUS)"]
[Result "1-0"]
[WhiteElo "2187"]
[BlackElo "2447"]

1.d4 d5 2.c4 c6 3.Nc3 Nf6 4.Nf3 e6 5.Bg5 dxc4 6.e4 b5 7.e5 h6 8.Bh4 g5 9.exf6
gxh4 10.Ne5 Qxf6 11.a4 Bb4 12.Be2 Bb7 13.Bf3 Qe7 14.O-O Bxc3 15.bxc3 a6
16.axb5 cxb5 17.d5 Rh7 18.dxe6 {#r} 1-0

[Event "Tournament (Elo)"]
[Site "masterchessopen.com Recife (Brazil)"]
[Date "2009.05.27"]
[Round "9"]
[White "Gisclan Heverton (BRA)"]
[Black "Santiago Yago De Moura (BRA)"]
[Result "1-0"]
[WhiteElo "2239"]
[BlackElo "2327"]

1.d4 d5 2.c4 e6 3.Nc3 Nf6 4.Bg5 c6 5.Nf3 dxc4 6.e4 b5 7.e5 h6 8.Bh4 g5 9.Nxg5
hxg5 10.Bxg5 Nbd7 11.exf6 Bb7 12.g3 c5 13.d5 Qb6 14.Bg2 O-O-O 15.O-O b4 16.Rb1
bxc3 17.bxc3 Qa6 18.Rxb7 Qxb7 19.dxe6 Qb6 20.e7 Bxe7 21.fxe7 Rde8 22.Qd5 f6
23.Bf4 Rxe7 24.Rd1 f5 25.Qa8+ {#r} 1-0

[Event "Ch Greece (team)"]
[Site "masterchessopen.com Kallithea (Greece)"]
[Date "2009.07.09"]
[Round "9"]
[White "Tsekouras Theodoros (GRE)"]
[Black "Tsarouhas Konstantinos (GRE)"]
[Result "1-0"]
[WhiteElo "2216"]
[BlackElo "2226"]

1.d4 d5 2.c4 c6 3.Nf3 Nf6 4.Nc3 e6 5.Bg5 dxc4 6.e4 b5 7.e5 h6 8.Bh4 g5 9.exf6
gxh4 10.Ne5 Qxf6 11.g3 Bb7 12.Bg2 Bd6 13.Qe2 h3 14.Bf3 a6 15.O-O Ra7 16.Ne4
Qd8 17.Bh5 Ba8 18.Qg4 Kf8 19.Nxd6 Qxd6 20.Qf4 f5 21.Ng6+ {#r} 1-0

[Event "Memorial Karl Mala (open)"]
[Site "masterchessopen.com Frankfurt (Germany)"]
[Date "2009.07.19"]
[Round "7"]
[White "Guth Wolf-Dietrich (GER)"]
[Black "Braunberger Gerald"]
[Result "1-0"]
[WhiteElo "1969"]
[BlackElo "1858"]

1.d4 d5 2.c4 c6 3.Nf3 Nf6 4.Nc3 e6 5.Bg5 dxc4 6.e4 b5 7.e5 h6 8.Bh4 g5 9.Nxg5
hxg5 10.Bxg5 Nbd7 11.exf6 Qb6 12.Be2 Bb7 13.O-O Bd6 14.g3 O-O-O 15.a4 a6 16.b3
Rdg8 17.Ne4 Bb8 18.bxc4 c5 19.d5 exd5 20.cxd5 Rh7 21.a5 Qd8 22.Rc1 Ba7 23.Bf4
Qf8 24.Nd6+ Kb8 25.Nxb5+ Ka8 26.Nc7+ {#r} 1-0

[Event "It (open) (b)"]
[Site "masterchessopen.com Sant Marti (Spain)"]
[Date "2009.07.21"]
[Round "9"]
[White "Fernandez Macarron Mariano (ESP)"]
[Black "Romeo Ros Joaquin (ESP)"]
[Result "0-1"]
[WhiteElo "1493"]
[BlackElo "1736"]

1.d4 d5 2.c4 c6 3.Nc3 Nf6 4.Nf3 e6 5.Bg5 dxc4 6.e4 b5 7.e5 h6 8.Bh4 g5 9.Nxg5
hxg5 10.Bxg5 Be7 11.Bxf6 Bxf6 12.exf6 Qxf6 13.Ne4 Qe7 14.Qd2 a5 15.g3 Nd7
16.Bg2 Bb7 17.O-O c5 18.dxc5 Nxc5 19.Qd4 {#R} 0-1

[Event "Ch Great Britain (Major Open)"]
[Site "masterchessopen.com Torquay (England)"]
[Date "2009.08.04"]
[Round "8"]
[White "Nelson Omowale (JAM)"]
[Black "Scott Gordon W (ENG)"]
[Result "1-0"]
[WhiteElo "2075"]
[BlackElo "2034"]

1.d4 d5 2.c4 c6 3.Nc3 Nf6 4.Nf3 e6 5.Bg5 dxc4 6.a4 Be7 7.e3 O-O 8.Bxc4 Nbd7
9.O-O c5 10.Qe2 b6 11.Rfd1 cxd4 12.Nxd4 Qc7 13.Rac1 Bb7 14.Ncb5 Qd8 15.Bxf6
gxf6 16.Nxe6 fxe6 17.Bxe6+ Kh8 18.Rxd7 Qe8 19.Rxb7 Bc5 20.Qg4 Qg6 21.Qxg6 hxg6
22.b4 {#r} 1-0

[Event "It (open)"]
[Site "masterchessopen.com Tabor (Czech Republic)"]
[Date "2009.08.09"]
[Round "9"]
[White "Houska Jiri (CZE)"]
[Black "Zabloudil Frantisek (CZE)"]
[Result "1-0"]
[WhiteElo "2173"]
[BlackElo "1978"]

1.d4 d5 2.c4 c6 3.Nc3 e6 4.Nf3 Nf6 5.Bg5 dxc4 6.e4 b5 7.e5 h6 8.Bh4 g5 9.Nxg5
hxg5 10.Bxg5 Be7 11.exf6 Bxf6 12.Be3 Na6 13.a4 Nc7 14.Be2 Bb7 15.Bf3 b4 16.Ne4
Nd5 17.Nc5 Bc8 18.Rc1 Qc7 19.g3 c3 20.bxc3 Nxc3 21.Qd2 a5 22.O-O Qe7 23.Bxc6+
{#r} 1-0

[Event "It (open)"]
[Site "masterchessopen.com Graz (Austria)"]
[Date "2009.08.29"]
[Round "1"]
[White "Drnovsek Nejc (SLO)"]
[Black "Kreisl Robert (AUT)"]
[Result "0-1"]
[WhiteElo "2125"]
[BlackElo "2422"]

1.d4 d5 2.c4 c6 3.Nf3 Nf6 4.Nc3 e6 5.Bg5 dxc4 6.e4 b5 7.e5 h6 8.Bh4 g5 9.Nxg5
hxg5 10.Bxg5 Nbd7 11.exf6 Bb7 12.g3 c5 13.d5 Nxf6 14.Bg2 Be7 15.O-O Nxd5
16.Bxe7 Kxe7 17.Nxb5 Qb6 18.Nc3 Nxc3 19.bxc3 Bxg2 20.Kxg2 Qb7+ 21.f3 Qb2+
22.Rf2 Rxh2+ {#R} 0-1

[Event "It (open)"]
[Site "masterchessopen.com Le Touquet (France)"]
[Date "2009.10.24"]
[Round "1"]
[White "Jeanne Mickael (FRA)"]
[Black "Gilles Francois (FRA)"]
[Result "1-0"]
[WhiteElo "2148"]
[BlackElo "1842"]

1.Nf3 d5 2.d4 Nf6 3.c4 c6 4.Nc3 e6 5.Bg5 dxc4 6.e4 b5 7.e5 h6 8.Bh4 g5 9.Nxg5
hxg5 10.Bxg5 Nbd7 11.g3 Bb7 12.Bg2 Qa5 13.exf6 b4 14.Ne4 O-O-O 15.O-O Ne5
16.a3 b3 17.Bd2 Rxd4 18.Bxa5 Rxd1 19.Rfxd1 Nd3 20.Bc3 Bc5 21.Nxc5 Nxc5 22.Rd4
Ba6 23.Bf1 Nd3 24.Rd1 c5 25.R1xd3 cxd3 26.Bxd3 {#r} 1-0

[Event "Tournament (open) \"]
[Site "masterchessopen.com St. Petersburg (Russia)"]
[Date "2009.10.28"]
[Round "4"]
[White "Andreeva Yulia (RUS)"]
[Black "Alekhin Andrey (RUS)"]
[Result "1-0"]
[WhiteElo "1840"]
[BlackElo "2042"]

1.d4 d5 2.c4 c6 3.Nc3 Nf6 4.Nf3 e6 5.Bg5 dxc4 6.a4 b5 7.axb5 cxb5 8.Bxf6 gxf6
9.Nxb5 Qb6 10.Na3 Qxb2 11.Nxc4 Bb4+ 12.Ncd2 Bxd2+ 13.Nxd2 Qxd4 14.e3 Qe5
15.Bd3 Bb7 16.O-O Rg8 17.g3 Nd7 18.Qa4 Ke7 19.Qb4+ Nc5 20.Nb3 Rac8 21.Nxc5 Bf3
22.Rxa7+ Ke8 23.Bb5+ {#r} 1-0

[Event "Ch Bulgaria (students)"]
[Site "masterchessopen.com Sofia (Bulgaria)"]
[Date "2009.11.05"]
[Round "2"]
[White "Nikolov Momchil (BUL)"]
[Black "Pashev Dimitar (BUL)"]
[Result "1-0"]
[WhiteElo "2517"]
[BlackElo "1947"]

1.d4 d5 2.Nf3 Nf6 3.c4 c6 4.Nc3 e6 5.Bg5 dxc4 6.a4 Be7 7.e4 Qa5 8.e5 Nd5
9.Bxe7 Nxe7 10.Bxc4 c5 11.O-O O-O 12.d5 exd5 13.Nxd5 Nbc6 14.Nf6+ gxf6 15.exf6
Bg4 16.Qc1 Kh8 17.fxe7 Rg8 18.Ng5 Be6 19.Nxf7+ Bxf7 20.Bxf7 Nd4 21.Qe3 {#r}
1-0

[Event "It (open)"]
[Site "masterchessopen.com Porec (Croatia)"]
[Date "2009.12.04"]
[Round "4"]
[White "Bulic Josip (CRO)"]
[Black "Pasalic Enio (CRO)"]
[Result "1-0"]
[WhiteElo "2205"]
[BlackElo "2084"]

1.d4 d5 2.c4 c6 3.Nc3 Nf6 4.Nf3 e6 5.Bg5 dxc4 6.e4 b5 7.e5 h6 8.Bh4 g5 9.Nxg5
hxg5 10.Bxg5 Nbd7 11.exf6 Bh6 12.Bxh6 Rxh6 13.Be2 Qc7 14.Qd2 Rxf6 15.Bf3 Bb7
16.a4 a6 17.axb5 axb5 18.Rxa8+ Bxa8 19.O-O Bb7 20.Ra1 Rg6 21.Nxb5 cxb5 22.Ra7
c3 23.bxc3 Bxf3 24.Rxc7 Kd8 25.Qf4 Bxg2 26.Rxd7+ {#r} 1-0

[Event "Ch New Zealand"]
[Site "masterchessopen.com Auckland (New Zealand)"]
[Date "2010.01.03"]
[Round "2"]
[White "Lim Benjamin (NZL)"]
[Black "Hart Ralph (NZL)"]
[Result "0-1"]
[WhiteElo "2048"]
[BlackElo "2199"]

1.d4 Nf6 2.Nf3 d5 3.c4 c6 4.Nc3 e6 5.Bg5 dxc4 6.a4 Bb4 7.e4 Bxc3+ 8.bxc3 Qa5
9.e5 Ne4 10.Bd2 Nxd2 11.Qxd2 c5 12.Bxc4 Nc6 13.O-O cxd4 14.Qg5 O-O 15.cxd4 Bd7
16.Rfd1 Nb4 17.Qh5 Rac8 18.Bb5 Bxb5 19.axb5 Qxb5 20.Ng5 h6 21.Ne4 Rc2 22.Nd6
Qd5 23.Rxa7 Nc6 24.Ra3 Nxd4 25.Rad3 Ne2+ 26.Kh1 Qxd3 {#R} 0-1

[Event "It (cat.7)"]
[Site "masterchessopen.com Evpatoria (Ukraine)"]
[Date "2010.02.02"]
[Round "1"]
[White "Bagrationi Alexander (UKR)"]
[Black "Jary Sergey (UKR)"]
[Result "1-0"]
[WhiteElo "2460"]
[BlackElo "2381"]

1.d4 Nf6 2.c4 c6 3.Nc3 d5 4.Nf3 e6 5.Bg5 dxc4 6.e4 b5 7.e5 h6 8.Bh4 g5 9.Nxg5
hxg5 10.Bxg5 Nbd7 11.g3 Qb6 12.exf6 Bb7 13.Bg2 O-O-O 14.O-O c5 15.d5 b4 16.Rb1
Qa6 17.dxe6 Bxg2 18.e7 Bxf1 19.Kxf1 bxc3 20.bxc3 Qc6 21.Rb8+ Nxb8 22.exd8=Q+
Kb7 23.Q1d5 {#r} 1-0

[Event "Ch City (seniors)"]
[Site "masterchessopen.com Berlin (Germany)"]
[Date "2010.02.14"]
[Round "6"]
[White "Bauder Herbert (GER)"]
[Black "Trostel Uwe"]
[Result "1-0"]
[WhiteElo "2018"]
[BlackElo "1706"]

1.d4 c6 2.c4 d5 3.Nf3 Nf6 4.Nc3 e6 5.Bg5 dxc4 6.e4 b5 7.e5 h6 8.Bh4 g5 9.exf6
gxh4 10.Ne5 Qxf6 11.a4 Bb4 12.Be2 Bb7 13.Bf3 Qe7 14.O-O Bxc3 15.bxc3 Rg8
16.Qb1 f6 17.Ng6 Qd7 18.Re1 c5 19.Bxb7 Qxb7 20.Rxe6+ Kd8 21.dxc5 Qf7 22.Qd1+
Nd7 23.Re7 Qxe7 24.Nxe7 Kxe7 25.Qd6+ {#r} 1-0

[Event "Ch Slovakia (team) 2009/10 (2 liga) (b)"]
[Site "masterchessopen.com Slovakia"]
[Date "2010.02.27"]
[Round "10"]
[White "Hanko Pavol (SVK)"]
[Black "Janco Darius (SVK)"]
[Result "0-1"]
[WhiteElo "2179"]
[BlackElo "2083"]

1.d4 d5 2.Nf3 Nf6 3.c4 c6 4.Nc3 e6 5.Bg5 dxc4 6.e4 b5 7.e5 h6 8.Bh4 g5 9.exf6
gxh4 10.Ne5 Qxf6 11.Be2 Nd7 12.Nxd7 Bxd7 13.Bf3 Rc8 14.a4 Bg7 15.Ne4 Qxd4
16.Nd6+ Ke7 17.Nxc8+ Rxc8 18.axb5 cxb5 19.O-O Qxd1 20.Rfxd1 Rc7 21.Rd2 b4
22.Rc1 Bf6 23.Rdc2 c3 24.b3 a5 25.Ra2 Bg5 26.Rcc2 a4 {#R} 0-1

[Event "It \"]
[Site "masterchessopen.com Medellin (Colombia)"]
[Date "2010.04.02"]
[Round "4"]
[White "Benitez Carlos (COL)"]
[Black "Echavarria Johann (COL)"]
[Result "0-1"]
[WhiteElo "2160"]
[BlackElo "2392"]

1.d4 d5 2.c4 c6 3.Nf3 Nf6 4.Nc3 e6 5.Bg5 dxc4 6.e4 b5 7.a4 Qb6 8.Bxf6 gxf6
9.Be2 a6 10.O-O Bb7 11.d5 Nd7 12.dxe6 fxe6 13.Nd4 c5 14.Bh5+ Kd8 15.Nxe6+ Qxe6
16.Bg4 Qd6 17.Qc2 Ne5 18.Rfd1 Nd3 19.axb5 Ke7 20.b3 Qf4 21.Bf5 Rg8 22.bxa6 Qf3
23.g3 Nf4 {#R} 0-1

[Event "Tournament"]
[Site "masterchessopen.com Sao Paulo (Brazil)"]
[Date "2010.04.19"]
[Round "7"]
[White "Reis Alan Maranhao"]
[Black "Quintiliano Pinto Renato R"]
[Result "1-0"]
[WhiteElo "2017"]
[BlackElo "2176"]

1.d4 d5 2.c4 c6 3.Nc3 Nf6 4.Nf3 e6 5.Bg5 dxc4 6.e4 b5 7.e5 h6 8.Bh4 g5 9.Nxg5
hxg5 10.Bxg5 Nbd7 11.g3 Bb7 12.Bg2 Qb6 13.exf6 O-O-O 14.O-O c5 15.d5 b4 16.Rb1
Qa6 17.Re1 Nb6 18.Qg4 bxc3 19.dxe6 fxe6 20.Qxe6+ Kb8 21.f7 Rc8 22.Qe5+ Bd6
23.Qxd6+ Ka8 24.Bf6 Bxg2 25.Bxh8 {#r} 1-0

[Event "Memorial Asenova-Ivanova (open)"]
[Site "masterchessopen.com Sofia (Bulgaria)"]
[Date "2010.04.21"]
[Round "1"]
[White "Andreev Sasho (BUL)"]
[Black "Nikolov Nikolaj (BUL)"]
[Result "1-0"]
[WhiteElo "2254"]
[BlackElo "2097"]

1.d4 Nf6 2.c4 e6 3.Nf3 d5 4.Nc3 c6 5.Bg5 dxc4 6.e4 b5 7.e5 h6 8.Bh4 g5 9.exf6
gxh4 10.Ne5 Qxf6 11.g3 Nd7 12.Nxc6 Bb7 13.Bg2 a6 14.O-O Rc8 15.Ne4 Qf5 16.d5
h3 17.dxe6 fxe6 18.Nd6+ Bxd6 19.Qxd6 Rh7 20.Rfe1 Nf8 21.Be4 Qf7 22.Rad1 Qc7
23.Bg6+ Rf7 24.Qxc7 {#r} 1-0

[Event "Memorial Asenova-Ivanova (open)"]
[Site "masterchessopen.com Sofia (Bulgaria)"]
[Date "2010.04.23"]
[Round "5"]
[White "Kolev Atanas (BUL)"]
[Black "Nikolov Nikolaj (BUL)"]
[Result "1-0"]
[WhiteElo "2571"]
[BlackElo "2097"]

1.d4 Nf6 2.c4 e6 3.Nf3 d5 4.Nc3 c6 5.Bg5 dxc4 6.e4 b5 7.e5 h6 8.Bh4 g5 9.Nxg5
hxg5 10.Bxg5 Nbd7 11.exf6 Bb7 12.g3 c5 13.d5 b4 14.dxe6 Ne5 15.Qa4+ Bc6
16.exf7+ Kd7 17.O-O-O+ Bd6 18.Nb5 Qb8 19.f8=N+ Qxf8 20.Qa6 {#r} 1-0

[Event "Cup World (team) (for the Blind)"]
[Site "masterchessopen.com Calimanesti (Romania)"]
[Date "2010.04.24"]
[Round "3"]
[White "Grigorchuk Sergey (UKR)"]
[Black "Zhunusov Murat (KAZ)"]
[Result "1-0"]
[WhiteElo "2258"]
[BlackElo "2181"]

1.d4 Nf6 2.Nf3 c6 3.c4 d5 4.Nc3 e6 5.Bg5 dxc4 6.a4 Bb4 7.e4 Bxc3+ 8.bxc3 Qa5
9.e5 Ne4 10.Bd2 c5 11.Bxc4 Nc6 12.O-O cxd4 13.cxd4 Nxd2 14.Nxd2 Nxd4 15.Nb3
Nxb3 16.Bb5+ Kf8 17.Qd6+ Kg8 18.Ra3 Nd4 19.Qxd4 a6 20.Rd1 h6 21.Be8 Kf8
22.Qd6+ Kxe8 23.Rc3 g5 24.Rc7 {#r} 1-0

[Event "It (open)"]
[Site "masterchessopen.com Medellin (Colombia)"]
[Date "2010.04.27"]
[Round "8"]
[White "Benitez Carlos (COL)"]
[Black "Arango Andres Mauricio (COL)"]
[Result "1-0"]
[WhiteElo "2160"]
[BlackElo "2148"]

1.d4 d5 2.c4 c6 3.Nf3 Nf6 4.Nc3 e6 5.Bg5 dxc4 6.e4 b5 7.e5 h6 8.Bh4 g5 9.exf6
gxh4 10.Ne5 Qc7 11.Be2 Bb4 12.Bh5 Rf8 13.Qg4 c5 14.Nxf7 cxd4 15.Ne5+ Kd8
16.Qxd4+ Nd7 17.O-O-O a6 18.Bf3 Bc5 19.Qf4 Bd6 20.Rxd6 {#r} 1-0

[Event "It \"]
[Site "masterchessopen.com Calimanesti (Romania)"]
[Date "2010.05.03"]
[Round "2"]
[White "Pecurica Milos (MNE)"]
[Black "Vrigazov Hristo"]
[Result "1-0"]
[WhiteElo "2027"]
[BlackElo "1882"]

1.d4 d5 2.c4 c6 3.Nf3 Nf6 4.Nc3 e6 5.Bg5 dxc4 6.e4 b5 7.e5 h6 8.Bh4 g5 9.Nxg5
hxg5 10.Bxg5 Nbd7 11.g3 Bb7 12.Bg2 Qb6 13.exf6 O-O-O 14.O-O c5 15.d5 b4 16.Rb1
Qa6 17.dxe6 Bxg2 18.e7 Bxf1 19.Qd5 Bd3 20.Qa8+ Nb8 21.Bf4 Qb6 22.Na4 Qb5
23.Qxa7 Na6 24.Nb6+ {#r} 1-0

[Event "It (open)"]
[Site "masterchessopen.com Voronezh (Russia)"]
[Date "2010.06.12"]
[Round "1"]
[White "Papin Vasily (RUS)"]
[Black "Inants Aghasi (ARM)"]
[Result "1-0"]
[WhiteElo "2534"]
[BlackElo "2281"]

1.d4 d5 2.c4 c6 3.Nf3 Nf6 4.Nc3 e6 5.Bg5 dxc4 6.e4 b5 7.e5 h6 8.Bh4 g5 9.Nxg5
hxg5 10.Bxg5 Nbd7 11.g3 Qa5 12.exf6 b4 13.Ne4 Ba6 14.b3 O-O-O 15.Qc2 Qf5
16.Bxc4 Bxc4 17.bxc4 Qf3 18.O-O Bh6 19.Bxh6 Nxf6 20.Ng5 Qh5 21.h4 Rxd4 22.Qa4
Rxh4 23.Qxc6+ Kb8 24.gxh4 Qxh4 25.Qh1 Qf4 26.Qh2 {#r} 1-0

[Event "Tournament (open) \"]
[Site "masterchessopen.com Novosibirsk (Russia)"]
[Date "2010.06.25"]
[Round "9"]
[White "Misyakov Ilya (RUS)"]
[Black "Petrukhina Irina (RUS)"]
[Result "0-1"]
[WhiteElo "2086"]
[BlackElo "2150"]

1.d4 d5 2.c4 c6 3.Nc3 Nf6 4.Nf3 e6 5.Bg5 dxc4 6.e4 b5 7.e5 h6 8.Bh4 g5 9.Nxg5
hxg5 10.Bxg5 Nbd7 11.g3 Qb6 12.exf6 Bb7 13.Bg2 O-O-O 14.Qg4 c5 15.Bxb7+ Qxb7
16.O-O cxd4 17.Qxd4 Nc5 18.Qg4 Nd3 19.b3 Ne5 20.Qe4 Nf3+ 21.Kg2 Nxg5 22.Qxb7+
Kxb7 23.h4 b4 24.hxg5 bxc3 25.bxc4 {#R} 0-1

[Event "Ch Hungary (juniors) (under 16)"]
[Site "masterchessopen.com Budapest (Hungary)"]
[Date "2010.06.29"]
[Round "4"]
[White "Horvath David (HUN)"]
[Black "Zsipi Alex Mark (HUN)"]
[Result "1-0"]
[WhiteElo "2305"]
[BlackElo "1917"]

1.d4 d5 2.c4 c6 3.Nf3 Nf6 4.Nc3 e6 5.Bg5 dxc4 6.e4 Be7 7.Bxc4 h6 8.Bxf6 Bxf6
9.O-O O-O 10.e5 Be7 11.Qe2 c5 12.Rfd1 Qc7 13.d5 Bg5 14.Qe4 Qe7 15.h4 {#r} 1-0

[Event "Tournament (open)"]
[Site "masterchessopen.com Sterlitamak (Russia)"]
[Date "2010.07.01"]
[Round "8"]
[White "Raikin Leonid (RUS)"]
[Black "Ivanov Dmitry (RUS)"]
[Result "1-0"]
[WhiteElo "2273"]
[BlackElo "2055"]

1.d4 d5 2.Nf3 Nf6 3.c4 c6 4.Nc3 e6 5.Bg5 dxc4 6.e4 Nbd7 7.Bxc4 Be7 8.O-O O-O
9.Qe2 b5 10.Bd3 a6 11.e5 Nd5 12.Qe4 g6 13.Qh4 f6 14.exf6 Bxf6 15.Bxf6 Qxf6
16.Qxf6 Rxf6 17.Nxd5 exd5 18.Rfe1 c5 19.Re8+ Kf7 20.Rae1 Rc6 21.Ng5+ Kg7
22.R1e7+ Kh6 23.Nf7+ Kh5 24.Be2+ {#r} 1-0

[Event "Ch Belgium (open)"]
[Site "masterchessopen.com Westerlo (Belgium)"]
[Date "2010.07.03"]
[Round "1"]
[White "Bomans Arno (BEL)"]
[Black "Lambert Luc"]
[Result "1-0"]
[WhiteElo "2208"]
[BlackElo "1841"]

1.d4 d5 2.c4 c6 3.Nf3 Nf6 4.Nc3 e6 5.Bg5 dxc4 6.e4 h6 7.Bh4 b5 8.e5 g5 9.Nxg5
hxg5 10.Bxg5 Rg8 11.Bxf6 Qa5 12.g3 Nd7 13.Bg2 Bb7 14.Bh4 b4 15.Ne4 Rb8 16.O-O
c5 17.dxc5 Bxe4 18.Bxe4 Qxc5 19.Qa4 Be7 20.Rad1 Bxh4 21.Rxd7 Kf8 22.Qxa7 Qxa7
23.Rxa7 f5 24.Bg2 Be7 25.Rc7 b3 26.a3 {#r} 1-0

[Event "It (open) (b)"]
[Site "masterchessopen.com Kowalewo Pomorskie (Poland)"]
[Date "2010.07.07"]
[Round "5"]
[White "Walczak Michal"]
[Black "Jarzyna Michal (POL)"]
[Result "1-0"]
[WhiteElo "1768"]
[BlackElo "1514"]

1.d4 d5 2.c4 c6 3.Nf3 Nf6 4.Nc3 e6 5.Bg5 dxc4 6.e4 b5 7.e5 h6 8.Bh4 g5 9.Nxg5
hxg5 10.Bxg5 Be7 11.exf6 Bxf6 12.Bxf6 Qxf6 13.Qd2 Bb7 14.Ne4 Qe7 15.O-O-O Nd7
16.Qf4 Rh4 17.Nd6+ Kf8 18.Qg3 Ba6 19.Be2 f5 20.Bf3 f4 21.Qg6 Qxd6 22.Rhe1 Re8
23.d5 c3 24.dxe6 b4 25.Qf7# 1-0

[Event "It (open)"]
[Site "masterchessopen.com Torredembarra (Spain)"]
[Date "2010.07.10"]
[Round "8"]
[White "Pozo Vera Sandro (CUB)"]
[Black "Accensi Estrada Miguel Angel (ESP)"]
[Result "1-0"]
[WhiteElo "2470"]
[BlackElo "2197"]

1.d4 Nf6 2.Nf3 e6 3.c4 d5 4.Nc3 c6 5.Bg5 dxc4 6.a4 Bb4 7.e3 Qa5 8.Bxf6 Bxc3+
9.bxc3 Qxc3+ 10.Nd2 gxf6 11.Bxc4 Nd7 12.O-O b6 13.Qe2 Qa5 14.f4 Bb7 15.Rfb1 h5
16.Qd3 h4 17.Ne4 Rb8 18.f5 Ke7 19.fxe6 fxe6 20.Qa3+ c5 21.Rb5 Qb4 22.Qd3 Qa5
23.Rbb1 {#r} 1-0

[Event "It \"]
[Site "masterchessopen.com Hamburg (Germany)"]
[Date "2010.07.16"]
[Round "7"]
[White "Henrich Holger (GER)"]
[Black "Ackermann Frank (GER)"]
[Result "1-0"]
[WhiteElo "2198"]
[BlackElo "2084"]

1.d4 d5 2.c4 c6 3.Nf3 Nf6 4.Nc3 e6 5.Bg5 dxc4 6.e4 b5 7.e5 h6 8.Bh4 g5 9.exf6
gxh4 10.Ne5 Qxf6 11.g3 Nd7 12.Qe2 c5 13.Nc6 Nb6 14.dxc5 Bxc5 15.Ne4 Qf5 16.g4
Bxf2+ 17.Nxf2 Qc5 18.Bg2 Nd5 19.O-O-O O-O 20.Bxd5 exd5 21.Ne7+ {#r} 1-0

[Event "It (open)"]
[Site "masterchessopen.com Kavala (Greece)"]
[Date "2010.08.04"]
[Round "6"]
[White "Aloma Vidal Robert (ESP)"]
[Black "Baghdasaryan Vahe (ARM)"]
[Result "0-1"]
[WhiteElo "2435"]
[BlackElo "2348"]

1.d4 d5 2.c4 c6 3.Nf3 Nf6 4.Nc3 e6 5.Bg5 dxc4 6.e4 b5 7.e5 h6 8.Bh4 g5 9.Nxg5
hxg5 10.Bxg5 Nbd7 11.g3 Qa5 12.exf6 b4 13.Ne4 Ba6 14.Bd2 O-O-O 15.Bg2 Nxf6
16.Nxf6 c3 17.Qf3 cxd2+ 18.Kd1 Bb5 19.h4 Rxd4 20.Bf1 Bg7 21.Ng4 f5 22.Nh2 Bf6
23.Bxb5 Qxb5 24.Nf1 Rd3 25.Qe2 Bxb2 26.Qxe6+ Kb8 {#R} 0-1

[Event "It (open)"]
[Site "masterchessopen.com Tibor (Czech Republic)"]
[Date "2010.08.06"]
[Round "7"]
[White "Bastyr Pavel (CZE)"]
[Black "Vavrousek Petr (CZE)"]
[Result "1-0"]
[WhiteElo "1634"]
[BlackElo "1851"]

1.d4 d5 2.c4 e6 3.Nc3 Nf6 4.Bg5 c6 5.Nf3 dxc4 6.e4 b5 7.e5 h6 8.Bh4 g5 9.Nxg5
hxg5 10.Bxg5 Nbd7 11.exf6 Bb7 12.g3 Qb6 13.Bg2 O-O-O 14.O-O Ne5 15.Be3 Nd3
16.d5 c5 17.dxe6 fxe6 18.Bxb7+ Qxb7 19.Qg4 Qc6 20.Qe4 Qd7 21.Qa8+ Kc7 22.Qxa7+
Kc6 23.Qa6+ Kc7 24.Nxb5+ {#r} 1-0

[Event "Ch Europe (juniors) (under 12)"]
[Site "masterchessopen.com Batumi (Georgia)"]
[Date "2010.09.26"]
[Round "7"]
[White "Paravyan David (RUS)"]
[Black "Kuzmin Egor (RUS)"]
[Result "1-0"]
[WhiteElo "2093"]
[BlackElo "2067"]

1.d4 d5 2.Nf3 Nf6 3.c4 c6 4.Nc3 e6 5.Bg5 dxc4 6.e4 b5 7.e5 h6 8.Bh4 g5 9.Nxg5
hxg5 10.Bxg5 Nbd7 11.exf6 Bb7 12.g3 c5 13.d5 b4 14.Bxc4 bxc3 15.dxe6 Qc7
16.Bf4 Qc6 17.Qxd7+ Qxd7 18.exd7+ Kd8 19.O-O cxb2 20.Rab1 Bh6 21.Rxb2 Bxf4
22.Rxb7 Be5 23.Re1 Bxf6 24.Bd5 a5 25.Rb6 {#r} 1-0

[Event "It (open)"]
[Site "masterchessopen.com Goch (Germany)"]
[Date "2010.10.03"]
[Round "6"]
[White "Schaefer Michael (GER)"]
[Black "Jess Stefan (GER)"]
[Result "0-1"]
[WhiteElo "2215"]
[BlackElo "1905"]

1.d4 c6 2.c4 d5 3.Nf3 Nf6 4.Nc3 e6 5.Bg5 dxc4 6.e4 b5 7.e5 h6 8.Bh4 g5 9.Nxg5
hxg5 10.Bxg5 Nbd7 11.g3 Bb7 12.Bg2 Qc7 13.exf6 c5 14.Bf4 Qb6 15.Bxb7 Qxb7
16.O-O O-O-O 17.Re1 cxd4 18.Qxd4 Nc5 19.Qe3 Nd3 20.Re2 Bc5 {#R} 0-1

[Event "Ch Moscow (active)"]
[Site "masterchessopen.com Moscow (Russia)"]
[Date "2010.10.03"]
[Round "6"]
[White "Danielian Oganes (ARM)"]
[Black "Lavrik Dmitry (RUS)"]
[Result "1-0"]
[WhiteElo "2530"]
[BlackElo "2413"]

1.d4 d5 2.c4 c6 3.Nc3 Nf6 4.Nf3 e6 5.Bg5 dxc4 6.a4 Bb4 7.e4 h6 8.Bxf6 Qxf6
9.Bxc4 Nd7 10.e5 Qe7 11.O-O Nb6 12.Bb3 a5 13.Qd3 Nd5 14.Rac1 b6 15.Rfd1 Ba6
16.Qe4 Bb7 17.Qd3 Rd8 18.h4 g5 19.Nxd5 cxd5 20.Qb5+ Kf8 21.Qxb6 Rd7 22.h5 Kg7
23.Nh2 f5 24.exf6+ Qxf6 25.Ng4 Qf5 26.Rc7 {#r} 1-0

[Event "Czech League 2010/11 (2nd) (c)"]
[Site "masterchessopen.com Czech Republic"]
[Date "2010.10.17"]
[Round "1"]
[White "Polak Benedikt (CZE)"]
[Black "Kopal Josef (CZE)"]
[Result "1-0"]
[WhiteElo "2138"]
[BlackElo "2250"]

1.d4 d5 2.c4 c6 3.Nf3 Nf6 4.Nc3 e6 5.Bg5 dxc4 6.e4 b5 7.e5 h6 8.Bh4 g5 9.Nxg5
hxg5 10.Bxg5 Nbd7 11.g3 Bb7 12.Bg2 Qb6 13.exf6 O-O-O 14.O-O c5 15.d5 b4 16.Rb1
Qa6 17.dxe6 Bxg2 18.e7 Bxf1 19.Qd5 Bd3 20.Qa8+ Nb8 21.Bf4 Bh6 22.Qxb8+ Kd7
23.exd8=Q+ Rxd8 24.Qc7+ Ke6 25.Qe5+ Kd7 26.Qe7+ {#r} 1-0